Languages… in languages! - Statistics

General Stats
  • This quiz has been taken 53 times
    34 since last reset
  • The average score is 15 of 37
Answer Stats
Hint Answer % Correct
Korean 한국어
88%
Russian русский
88%
Hebrew עִברִית
88%
Yiddish ייִדיש
88%
Greek ελληνικά
88%
German Deutsche
88%
Spanish Español
88%
French Français
88%
Italian Italiano
88%
Dutch Nederlands
88%
Portuguese Portugués
88%
Vietnamese Tiếng việt
75%
Chinese 中文
63%
Japanese 日本語
38%
Divehi ދިވެހި އެވެ
38%
Malayalam മലയാളം
25%
Oriya ଓଡ଼ିଆ
25%
Gujarati ગુજરાતી
25%
Assamese অসমীয়া
25%
Farsi فارسی
25%
Khmer ខ្មែរ
25%
Susu Sosokhui
25%
Kannada ಕನ್ನಡ
13%
Hindi हिंदी
13%
Tamil தமிழ்
13%
Telugu తెలుగు
13%
Bangla বাংলা
13%
Punjabi ਪੰਜਾਬੀ
13%
Dzongkha རྫོང་ཁ
13%
Tibetan བོད་ཡིག་
13%
Pashto پښتو
13%
Sinhala සිංහල
13%
NKo ߒߞߏ
13%
Shan တႆး
13%
Manipuri ꯃꯅꯤꯄꯨꯔꯤ꯫
13%
Sindhi سنڌي
0%
Lao ລາວ
0%
No matching quizzes found
Score Distribution
Percent of People with Each Score
Percentile by Number Answered
Your Score History
You have not taken this quiz since the last reset